Statistiche per Tennisti a podio ai Giochi Olimpici

Clicka qui per fare il quiz!

Statistiche generali

  • Questo quiz è stato fatto 20 volte
  • Il punteggio medio è 10 su 29

Statistiche sulle risposte

EdizioneRisultatoNazioneTennista% Corretto
2008Medaglia di BronzoSerbiaNovak Djokovic
100%
2008Medaglia d'OroSpagnaRafael Nadal
100%
2012Medaglia d'ArgentoSvizzeraRoger Federer
100%
1996Medaglia d'OroStati UnitiAndre Agassi
74%
2016Medaglia d'OroRegno UnitoAndy Murray
74%
2012Medaglia d'OroRegno UnitoAndy Murray
74%
2020Medaglia d'OroGermaniaAlexander Zverev
68%
2016Medaglia d'ArgentoArgentinaJuan Martín del Potro
68%
2012Medaglia di BronzoArgentinaJuan Martín del Potro
68%
2016Medaglia di BronzoGiapponeKei Nishikori
47%
1988Medaglia di BronzoSveziaStefan Edberg
42%
2000Medaglia d'OroRussiaEvgenij Kafel'nikov
26%
2004Medaglia di BronzoCileFernando González
21%
2008Medaglia d'ArgentoCileFernando González
21%
2020Medaglia di BronzoSpagnaPablo Carreño Busta
21%
1992Medaglia di BronzoCroaziaGoran Ivanišević
16%
2004Medaglia d'OroCileNicolás Massú
16%
2020Medaglia d'ArgentoComitato Olimpico RussoKaren Chačanov
5%
1992Medaglia d'OroSvizzeraMarc Rosset
5%
2004Medaglia d'ArgentoStati UnitiMardy Fish
5%
1996Medaglia d'ArgentoSpagnaSergi Bruguera
5%
1992Medaglia di BronzoSquadra UnificataAndrej Čerkasov
0%
2000Medaglia di BronzoFranciaArnaud Di Pasquale
0%
1988Medaglia di BronzoStati UnitiBrad Gilbert
0%
1992Medaglia d'ArgentoSpagnaJordi Arrese
0%
1996Medaglia di BronzoIndiaLeander Paes
0%
1988Medaglia d'OroCecoslovacchiaMiloslav Mečíř
0%
1988Medaglia d'ArgentoStati UnitiTim Mayotte
0%
2000Medaglia d'ArgentoGermaniaTommy Haas
0%

Distribuzione punteggi

Percentile per numero di risposta

Percentuale di utenti per punteggio

I tuoi punteggi nel tempo

Non hai fatto questo quiz